Statystyki dla Miasta Wielkopolski

Kliknij tutaj aby rozwiązać quiz!

Ogólne statystyki

  • Ten quiz został rozwiązany 42 razy
  • Średni wynik to 10 z 14

Statystyki odpowiedzi

MiastoLudność% Poprawnych
Poznań541 316
100%
Konin68 112
91%
Gniezno64 220
84%
Kalisz93 973
84%
Leszno60 642
84%
Piła70 624
84%
Ostrów Wielkopolski69 755
81%
Swarzędz28 561
69%
Września31 857
69%
Śrem28 262
59%
Krotoszyn28 287
47%
Luboń32 848
47%
Jarocin26 399
44%
Wągrowiec25 457
38%

Rozkład punktacji

Percentyl według liczby udzielonych odpowiedzi

Procent ludzi z każdym wynikiem

Twoja historia wyników

Nie rozwiązałeś tego quizu